000 00576nam a2200205 i 4500
001 130099
003 ES-MaACL
007 t|
008 070718s2005 sp ||||1| spa d
020 _a84-322-0546-X
100 1 _aZürn, Unica.
_9118547
245 1 0 _aPrimavera sombría. El hombre jazmín /
_cUnica Zürn.
250 _a1ª ed.
260 _aBarcelona :
_bSeix Barral,
_c1986.
300 _a183 p. ;
_c20 cm.
490 1 _aBiblioteca breve
830 0 _aBiblioteca breve (Seix Barral)
_9227188
852 _aES-MaACL
_jL-9999
_bR.112069
999 _c130099
_d130099